000 00482nam a2200181Ia 4500
001 18650
005 20260306171646.0
008 260306s9999||||xx |||||||||||||| ||und||
041 _aESP
082 _a658.4092
_bZ65
100 _aZenger, John H.
_eAUT
245 0 _aEl líder extraordinario:
_btransformando buenos directivos en líderes extraordinarios
260 _c2010
300 _a346 páginas :
_c23 cm.
650 _aGEN
654 _aCAN
942 _cLIB
_dJUS
_fJUS
_2ddc
_n
999 _c18650
_d18650